| 000 | 00917nas a2200289 4500 | ||
|---|---|---|---|
| 001 | BR0601511 | ||
| 003 | BR-BrBNA | ||
| 005 | 20231205105930.0 | ||
| 007 | ta | ||
| 008 | 230509b bl.|||p| |||| 00| 00por d | ||
| 040 |
_aBR-BrBNA _bpor _cBiblioteca Nacional de Agricultura |
||
| 041 | _a(Pt) | ||
| 072 | _aF60; Q52 | ||
| 100 | 1 | _aMateus, G.P. | |
| 100 | 1 | _aCrusciol, C.A.C. | |
| 100 | 1 | _aCosta, C. | |
| 245 | 1 | _aComposição físico-química e potencial para ensilagem do sorgo-de-guiné gigante em seis épocas de semeadura | |
| 650 | _aSORGO GRANÍFERO | ||
| 650 | _aENSILAGEM | ||
| 650 | _aÉPOCA DE SEMEADURA | ||
| 650 | _aFOTOPERIODISMO | ||
| 650 | _aPRODUÇÃO VEGETAL | ||
| 650 | _aCOMPOSIÇÃO QUÍMICA | ||
| 773 | 0 |
_tPesquisa Agropecuária Brasileira (Brazil) _xISSN 0100-204X _g(Sep 2005), v. 40(9) p. 935-942 _wBR0601511 |
|
| 909 |
_a202311 _bLúcia _c55 _dLúcia Elande |
||
| 942 |
_2AGRIS _n0 _cANA |
||
| 999 |
_c185420 _d185420 |
||